000 01210cab a2200325 4500
001 ABS50814
008 090401t1994 xxu||||| |||| 00| 0 eng d
035 _a(Sirsi) u56921
041 _aeng
100 _aGibson, D.
245 _aFire escapes: mandatory rules or mandatory guidance?
260 _c1994
350 _a0
490 _aCSM (Chartered Surveyor Monthly)
_v3(9) June 1994, 34-35(2)
520 _aReviews current thinking on fire safety in response to an interdepartmental Fire Safety Scrutiny. Examines statistics and guidance on means of escape, and looks at the new regulatory format of the Building Regulations contrasting this with older versions.
650 _aBRE DIGEST 388
650 _aBS 5588-3: 1983
650 _aBUILDING REGULATIONS (APPROVED DOCUMENT B) 1992
650 _aBUILDING REGULATIONS 1985
650 _aCONSTRUCTION PRODUCTS DIRECTIVE (89/106)
650 _aFIRE ESCAPES
650 _aFIRE REGULATIONS
650 _aMANAGEMENT-HEALTH AND SAFETY-FIRE SAFETY
650 _aMEANS OF ESCAPE
650 _aMENTOR
650 _aNATIONAL CORE CURRICULUM FOR FIRE
690 _aBUILT ENVIRONMENT-BUILDING STANDARDS
942 _n0
948 _c04/03/1997
999 _c34731
_d34731